Autoroute A20 - Statistiques

Statistiques générales
  • Ce quiz a été pris 49 fois
  • Le résultat moyen est 43 sur 139
Statistiques - réponses
Indice Réponse % Correct
Sortie 14 Châteauroux
90%
Sortie 30 | Sortie 36 Limoges
90%
Sortie 33 Limoges-centre
90%
Sortie 5 | Sortie 6 | Sortie 7 Vierzon
87%
Gare de péage Vierzon Nord
87%
Pont Pont sur la Creuse
83%
Pont Pont sur l'Indre
83%
Sortie 51 Brive
80%
Frontière départementale Indre
80%
Frontière départementale Creuse
77%
Frontière départementale Haute-Vienne
77%
Pont Pont sur la Vienne
77%
Frontière départementale Lot
73%
Pont Viaduc du Lot
73%
Frontière départementale Cher
70%
Gare de péage | Sortie 60 Montauban
70%
Gare de péage Montauban Sud
70%
Pont Pont sur le Cher
70%
Sortie 57 | Sortie 58 Cahors
67%
Frontière départementale Corrèze
67%
Pont Pont sur la Corrèze
67%
Frontière régionale Nouvelle Aquitaine
63%
Frontière régionale Centre-Val de Loire
60%
Échangeur A71
57%
Pont Pont sur le Tarn
57%
Frontière départementale Tarn-et-Garonne
57%
Frontière régionale Occitanie
53%
Sortie 55 Souillac
50%
Sortie 10 Vatan
50%
Échangeur A62
43%
Échangeur A89
43%
Sortie 12 Déols
43%
Pont Pont sur la Gartempe
30%
Sortie 24 Bessines-sur-Gartempe
27%
Sortie 48 Donzenac
27%
Sortie 40 Pierre-Buffière
27%
Sortie 16 Tendu
27%
Pont Viaduc de la Dordogne
27%
Sortie 59 Caussade
23%
Sortie 8 Massay
23%
Sortie 53 Nespouls
23%
Sortie 25 Razès
23%
Sortie 52 Noailles
20%
Sortie 17 Saint-Marcel
20%
Tunnel Tunnel de Noailles
20%
Sortie 29 Beaubreuil
17%
Sortie 19 Celon
17%
Sortie 9 Graçay
17%
Aire de service La Porte de Corrèze
17%
Aire de service Les Champs d'Amour
17%
Sortie 43 Masseret
17%
Pont Pont sur la Vézère
17%
Sortie 49 Ussac / Le Vergis
17%
Aire de service Beaune-les-Mines
13%
Sortie 32 La Bastide
13%
Sortie 65 La Malle
13%
Sortie 15 Lothiers
13%
Sortie 41 Magnac-Bourg
13%
Pont Pont sur l'Aveyron
13%
Aire de service Bois-Mandé
10%
Gare de péage Gignac
10%
Sortie 23/23b | Sortie 23a La Croisière
10%
Aire de repos Les Blés d'Or
10%
Sortie 54 Martel
10%
Aire de service Pech-Montat
10%
Pont Viaduc de la Briance
10%
Aire de service Aire-Jardin des Causses du Lot
7%
Sortie 68 Grisolles
7%
Aire de repos La Coulerouze
7%
Aire de repos Les Avionneurs
7%
Aire de service Les Mille Étangs
7%
Aire de repos Le Val de Creuse
7%
Sortie 64 Sapiac
7%
Tunnel Tranchée couverte de la Garenne
7%
Pont Viaduc de la Rauze
7%
Sortie 63 Beausoleil
3%
Aire de repos Briance-Ligoure
3%
Aire de repos La Combe du Tréboulou
3%
Aire de repos La Marche Occitane
3%
Sortie 44 Le Beau Soleil
3%
Aire de service Le Bois de Dourre
3%
Aire de repos Le Puy de Grâce
3%
Aire de service Le Val de l'Indre
3%
Aire de service Nauze-Vert
3%
Tunnel Tranchée couverte de Constans
3%
Tunnel Tranchée couverte de Sol de Roques
3%
Tunnel Tranchée couverte de Terregaye
3%
Tunnel Tunnel de Pech-Brunet
3%
Pont Viaduc de Blazy
3%
Pont Viaduc du Blanzou
3%
Sortie 13 Brelay
0%
Sortie 62 Chaumes
0%
Sortie 31 Ester - Technopôle
0%
Sortie 28 Grossereix
0%
Sortie 56 Labastide-Murat
0%
Sortie 23.1 La Croix du Breuil
0%
Sortie 26 La Crouzille
0%
Sortie 11 La Maison Neuve
0%
Sortie 17 La Rocherolle
0%
Sortie 42 Le Martoulet
0%
Sortie 45 Le Mas du Puy
0%
Sortie 34 Le Sablard
0%
Sortie 20 Les Cinq Routes
0%
Sortie 13.1 Les Echarbeaux
0%
Sortie 46 Les Quatre Routes
0%
Sortie 18 Les Rozets
0%
Sortie 50 Lintillac
0%
Sortie 27 Maison-Rouge
0%
Sortie 67 Moulis
0%
Sortie 66 Parages
0%
Sortie 38 Peireix
0%
Sortie 21 Rhodes
0%
Sortie 22 Ruffec
0%
Sortie 61 Saint-Étienne-de-Tulmont
0%
Sortie 39 Saint-Hilaire-Bonneval
0%
Sortie 35 Saint-Lazare
0%
Sortie 47 Theil
0%
Sortie 37 Vieux-Boisseuil
0%
Aucun quiz correspondant
Distribution des résultats
% des personnes avec chaque résultat
Percentile par nombre de réponses
Votre historique - résultats
Vous n’avez pas pris ce quiz